Crisis : (Record no. 67527)

MARC details
000 -LEADER
fixed length control field 00562cam a2200157 a 4500
008 - FIXED-LENGTH DATA ELEMENTS--GENERAL INFORMATION
fixed length control field 040921s1989 cu 000 0 spa u
050 00 - LIBRARY OF CONGRESS CALL NUMBER
Classification number HJ8514 .5
Item number C75 1989
245 00 - TITLE STATEMENT
Title Crisis :
Remainder of title deuda externa e integración en nuestra América.
260 ## - PUBLICATION, DISTRIBUTION, ETC. (IMPRINT)
Place of publication, distribution, etc La Habana, Cuba :
Name of publisher, distributor, etc Pueblo y Educación,
Date of publication, distribution, etc 1989.
300 ## - PHYSICAL DESCRIPTION
Extent 101 p. ;
Dimensions 21 cm.
650 #4 - SUBJECT ADDED ENTRY--TOPICAL TERM
Topical term or geographic name as entry element Deuda externa
Geographic subdivision Hispanoamerica
Form subdivision Congresos
651 #4 - SUBJECT ADDED ENTRY--GEOGRAPHIC NAME
Geographic name Hispanoamérica
General subdivision Relaciones economicas exteriores
Form subdivision Congresos
651 #4 - SUBJECT ADDED ENTRY--GEOGRAPHIC NAME
Geographic name Hispanoamerica
General subdivision Condiciones económicas
942 ## - ADDED ENTRY ELEMENTS (KOHA)
Source of classification or shelving scheme Biblioteca del Cogreso de los Estados Unidos
Koha item type Libro
Holdings
Estado de pérdida Fuente de clasificación Estado del daño No para préstamo Ubicación permanente Ubicación actual Apartado o colección Fecha de adquisición Edición Dependencia de educación superior (DES) Área del conocimiento Clasificación Código de Barras Date last seen Número de copia Tipo de recurso
  Biblioteca del Cogreso de los Estados Unidos     Biblioteca del Instituto de Investigaciones Históricas Biblioteca del Instituto de Investigaciones Históricas General 28/08/2018 1a ed. Humanidades Ciencias Sociales y Administrativas HJ8514 .5 C75 1989 IIH000025300 28/08/2018 C:1 Libro